Quantity surveying in Nigeria NIQS at 50
Պահպանված է:
| Հիմնական հեղինակ: | |
|---|---|
| Ձևաչափ: | Գիրք |
| Լեզու: | անգլերեն |
| Հրապարակվել է: |
Safari Books
2019
|
| Ցուցիչներ: |
Ավելացրեք ցուցիչ
Չկան պիտակներ, Եղեք առաջինը, ով նշում է այս գրառումը!
|
MARC
| LEADER | 00000nam a22000007a 4500 | ||
|---|---|---|---|
| 008 | 240229b |||||||| |||| 00| 0 eng d | ||
| 020 | |a 9789789721644 | ||
| 100 | |a OYEDELE, Enoch | ||
| 245 | |a Quantity surveying in Nigeria |b NIQS at 50 |c /Enoch Oyedele |g xix,373p | ||
| 260 | |b Safari Books |c 2019 |h Ibadan, Nigeria |i 701170 |i 701171 |l TH435.N5.Oy3 |m Quantity Surveying - Nigeria |m Building -Estimates- Nigeria |m Public works- Estimates - Nigeria |m Sustainable buildings - Nigeria |m Sustainable development - Nigeria | ||
| 500 | |a it includes references and index | ||
| 942 | |a lcc |c BK |e Johnson |f 24/02/24 | ||
| 952 | |0 0 |1 0 |2 lcc |4 0 |6 TH0435 N5 O Y3 |7 0 |9 4921 |a EDM |b HOL |c QZ |d 2024-02-29 |l 0 |o TH435.N5.Oy3 |p 2024-0172 |r 2024-02-29 00:00:00 |t 701169 |w 2024-02-29 |y BK | ||
| 952 | |0 0 |1 0 |2 lcc |4 0 |6 TH0435 N5 O Y3 |7 0 |9 4922 |a EDM |b HOL |c QZ |d 2024-02-29 |l 0 |o TH435.N5.Oy3 |p 2024-0173 |r 2024-02-29 00:00:00 |t 701170 |w 2024-02-29 |y BK | ||
| 952 | |0 0 |1 0 |2 lcc |4 0 |6 TH0435 N5 O Y3 |7 0 |9 4923 |a HOL |b HOL |c QZ |d 2024-02-29 |l 0 |o TH435.N5.Oy3 |p 2024-0174 |r 2024-02-29 00:00:00 |t 701171 |w 2024-02-29 |y BK | ||
| 999 | |c 2443 |d 2443 | ||